000 02006nam0a2200373 4500
001 RU\NLR\bibl\1652762
005 20260405071010.0
010 _a978-5-406-00977-2
_92000
021 _aRU
_b2010-40692
_92726
035 _a(nilc)RSL-KNO-004653026
035 _a(NLR Aleph) 001644080
090 _a880254
_c880254
100 _a20100531d2010 |||y0rusy50 ca
101 0 _arus
102 _aRU
105 _aa zzzz|||||
200 1 _aДемографическая статистика
_eучебник для студентов высших учебных заведений, обучающихся по специальности "Статистика" и другим экономическим специальностям
_f[Бойко А.И. - к.э.н., Брусникина С.Н. - к.э.н., Егорова Е.А. - к.э.н. и др.]
210 _aМосква
_cКноРус
_d2010
215 _a480 с.
_cил.
_d22
300 _aАвт. указаны на с. 9
320 _aБиблиогр. в подстроч. прим.
606 1 _aДемографическая статистика
_jУчебники для высших учебных заведений
_yРоссийская Федерация
_92161783
_3RU\NLR\auth\661300948
610 0 _aДемография -- Методика и организация статистики населения -- Учебник для высшей школы
686 _aС72(2)0я73-1
_2rubbk
686 _aС73(2)74-21я73
701 1 _aБойко
_bА. И.
_gАлександр Иванович
_4070
701 1 _aБрусникина
_bС. Н.
_gСветлана Николаевна
_4070
701 1 _4070
_7ca
_8rus
_aЕгорова
_bЕ. А.
_cканд. экон. наук, статистика
_f1965-
_gЕлена Алексеевна
_97239
_3RU\NLR\auth\7724188
801 0 _aRU
_bРГБ
_c20100531
_grcr
801 1 _aRU
_bРГБ
_c20100531
801 2 _aRU
_bNLR
_c20100707
_grcr
942 _cBOOK
980 _aNB